FHM's Sexiest Women by Year - Statistics

General Stats
  • This quiz has been taken 872 times
  • The average score is 5 of 22
Answer Stats
Year Hint Answer % Correct
2004 Singer Britney Spears
46%
2000 Singer Jennifer Lopez
43%
2001 Singer Jennifer Lopez
43%
2014 Actress Jennifer Lawrence
41%
2008 Actress Megan Fox
40%
2002 Tennis Anna Kournikova
28%
2003 Actress Halle Berry
27%
2016 Actress Margot Robbie
27%
1996 Actress Gillian Anderson
23%
2013 Actress Mila Kunis
23%
2007 Actress Jessica Alba
22%
2009 Singer Cheryl Cole
19%
2010 Singer Cheryl Cole
19%
1995 Model Claudia Schiffer
14%
2006 Actress Keira Knightley
11%
2005 Model Kelly Brook
11%
2015 Actress Michelle Keegan
8%
2012 Singer Tulisa
8%
1999 Actress Sarah Michelle Gellar
6%
1997 Actress Teri Hatcher
5%
1998 Model Jenny McCarthy
3%
2011 Model Rosie Huntinton-Whiteley
3%
No matching quizzes found
Score Distribution
Percent of People with Each Score
Percentile by Number Answered
Your Score History
You have not taken this quiz